000 00405nam a22001457a 4500
005 20240306152538.0
008 240306b ||||| |||| 00| 0 eng d
040 _cAL
041 _aeng
082 _223
_a658.8
_bPROJ
245 _aProject on the Marketing Strategies of Duroflex Limited
260 _aMangalore
_bSt Aloysius College
_c1997
700 _aTHOMAS (Vinu George)
_9153272
942 _2ddc
_cPRO
999 _c230113
_d230113